Linear and integer programming, theory and practice: (Registro nro. 15019)
[ vista simple ]
| 000 -Cabecera | |
|---|---|
| Campo de control interno | 00473nam a2200181Ia 4500 |
| 005 - Fecha y hora del registro | |
| control field | 20260306164957.0 |
| 008 - Elementos de Longitud Fija | |
| fixed length control field | 260306t2002||||xx |||||||||||||| ||spa|| |
| 041 ## - Idioma | |
| Codigo Idioma | ESP |
| 082 ## - DEWEY y NOTACIÓN INTERNA | |
| Dewey | 519.72 |
| Notación Interna | S52 |
| 100 ## - AUTOR | |
| Autor denominación | Sierksma, Gerard |
| Término de relación | autor |
| 245 #0 - TÍTULO DE MATERIAL BIBLIOGRÁFICO | |
| Título | Linear and integer programming, theory and practice: |
| Título paralelo | theory and practice |
| 260 ## - CIUDAD, EDITORIAL, AÑO | |
| Año | 2002 |
| 300 ## - DESCRIPCIÓN | |
| N° Páginas | xiv, 633 páginas : |
| Dimensiones | 26 cm. |
| 650 ## - TEMAS | |
| Temas | Generalidades |
| 654 ## - PROGRAMAS | |
| Programa | Dpto. de Matemáticas |
| 942 ## - ELEMENTOS DE KOHA | |
| Tipo de documento | Libro |
| Nombre del creador | Justo Noguera |
| Código de catalogador | Justo Noguera |
| Esquema de clasificación | Dewey Decimal Classification |
| Suppress in OPAC | |
| Codigo completo | Registro | Colección | Copia número | Disponibilidad | Tipo de préstamo | Biblioteca Actual | Procedencia (Biblioteca) | Ubicacón | Fecha Ingreso | Tipo de Adquisición | Date last seen | Total checkouts | Price effective from | Tipo de Item | Estado del Material | Fuente de Clasificación | Damaged status | Withdrawn status |
|---|---|---|---|---|---|---|---|---|---|---|---|---|---|---|---|---|---|---|
| 519.72 S52 | 1060828 | Universidad Católica San Pablo | 1 | Disponible | Disponible | Víctor Andrés Belaunde | Víctor Andrés Belaunde | Segundo piso | 03/06/2026 | Compra | 06/03/2026 | 06/03/2026 | Libro | Bueno | Dewey Decimal Classification |




